000 00582nam a2200229Ia 4500
003 OSt
005 20220918225434.0
006 a|||||r|||| 00| 0
007 ta
008 220917b |||||||| |||| 00| 0 eng d
024 _a241,716
037 _cTextual
040 _aARTS
_cARTS
_beng
041 _2eng
_aeng
082 _aQ2xM95, M5
100 _aRichards Glyn
245 0 _aSource -book of modern hindusim
260 _aLondon
_bCurzon Press
_c1985
650 _aRELIGION
942 _hQ2xM95, M5
_cTEXL
_2CC
999 _c284693
_d284693